Normal view
MARC view
- MCNEIR, WALDO F,SAMS, HENRY W
Entry Personal Name
001 - CONTROL NUMBER
- control field: 57884
003 - CONTROL NUMBER IDENTIFIER
- control field: NUST
005 - DATE AND TIME OF LATEST TRANSACTION
- control field: 20210628202019.0
008 - FIXED-LENGTH DATA ELEMENTS
- fixed length control field: 210628|| aca||aabn | a|a d
040 ## - CATALOGING SOURCE
- Original cataloging agency: NUST
- Transcribing agency: NUST
100 ## - HEADING--PERSONAL NAME
- Personal name: MCNEIR, WALDO F,SAMS, HENRY W
670 ## - SOURCE DATA FOUND
- Source citation: Work cat.: (NUST): MCNEIR, WALDO F,SAMS, HENRY W, NEW PROBLEMS IN READING AND WRITING PERSONAL EXPERIENCE CHARACTERIZATION OF A PERSON TYPE DEFINITION DESCRIPTION OF A PROCESS COMPARISON AND CONTRAST EXAMPLES AND ILLUSTRATRION VARIETIES OF EXPOSITORY, 1953
